Barbie : (Record no. 105620)
[ view plain ]
| 000 -LEADER | |
|---|---|
| fixed length control field | 00378nam a2200145 a 4500 |
| 005 - DATE AND TIME OF LATEST TRANSACTION | |
| control field | 20140412111409.0 |
| 008 - FIXED-LENGTH DATA ELEMENTS--GENERAL INFORMATION | |
| fixed length control field | 070705s19uu xx 00 eng d |
| 020 ## - INTERNATIONAL STANDARD BOOK NUMBER | |
| International Standard Book Number | 0-307-98782-5 |
| 050 ## - LIBRARY OF CONGRESS CALL NUMBER | |
| Classification number | ER |
| Item number | Ba23 2001 |
| 100 ## - MAIN ENTRY--PERSONAL NAME | |
| Personal name | Muldrow, Diane |
| 245 ## - TITLE STATEMENT | |
| Title | Barbie : |
| Remainder of title | Rapunzel / |
| Statement of responsibility, etc | Diane Muldrow. |
| 260 ## - PUBLICATION, DISTRIBUTION, ETC. (IMPRINT) | |
| Place of publication, distribution, etc | New York : |
| Name of publisher, distributor, etc | Golden books, |
| Date of publication, distribution, etc | 2001. |
| 440 ## - SERIES STATEMENT/ADDED ENTRY--TITLE | |
| Title | Barbie |
| Withdrawn status | Lost status | Damaged status | Home library | Current library | Shelving location | Date acquired | Source of acquisition | Total Checkouts | Full call number | Barcode | Date last seen | Price effective from | Koha item type |
|---|---|---|---|---|---|---|---|---|---|---|---|---|---|
| Elizalde Library | Elizalde Library | Easy Reading Section | 07/05/2007 | ER Ba23 2001 | E10457 | 04/12/2014 | 04/12/2014 | Books |